Zgromadzenie Sióstr Zmartwychwstania Pana Naszego Jezusa Chrystusa: Prowincja Warszawska
| Main Author: | |
|---|---|
| Format: | Print Book |
| Language: | Polish |
| Subito Delivery Service: | Order now. |
| Check availability: | HBZ Gateway |
| WorldCat: | WorldCat |
| Interlibrary Loan: | Interlibrary Loan for the Fachinformationsdienste (Specialized Information Services in Germany) |
| Published: |
Lublin
Red. Wydawn. KUL
2002
|
| In: |
Żeńskie zgromadzenia zakonne w Polsce 1939-1947 (16)
Year: 2002 |
| Edition: | Wyd. 1 |
| Series/Journal: | Żeńskie zgromadzenia zakonne w Polsce 1939-1947
16 Studia i materiały do historii chrześcijaństwa w Polsce 16 |
| Standardized Subjects / Keyword chains: | B
Poles
/ Resurrektionistinnen
/ History 1939-1947
B Poles / Ursulinen / History 1939-1945 |
MARC
| LEADER | 00000cam a2200000 c 4500 | ||
|---|---|---|---|
| 001 | 374044007 | ||
| 003 | DE-627 | ||
| 005 | 20251223202828.0 | ||
| 007 | tu | ||
| 008 | 031125s2002 pl ||||| 00| ||pol c | ||
| 020 | |a 8373630309 |9 83-7363-030-9 | ||
| 035 | |a (DE-627)374044007 | ||
| 035 | |a (DE-576)9374044005 | ||
| 035 | |a (DE-599)GBV374044007 | ||
| 035 | |a (OCoLC)249200372 | ||
| 035 | |a (DE-604)BV017829221 | ||
| 040 | |a DE-627 |b ger |c DE-627 |e rakwb | ||
| 041 | |a pol | ||
| 044 | |c XA-PL | ||
| 082 | 0 | |a 200.9 |q DE-604 |2 22/ger | |
| 084 | |a 7,41 |2 ssgn | ||
| 084 | |a 1 |2 ssgn | ||
| 100 | 1 | |a Wójcik, Aniela |4 aut | |
| 109 | |a Wójcik, Aniela |a Maria Euzebia Sióstra | ||
| 245 | 1 | 0 | |a Zgromadzenie Sióstr Zmartwychwstania Pana Naszego Jezusa Chrystusa |b Prowincja Warszawska |c Aniela Wójcik |
| 250 | |a Wyd. 1 | ||
| 264 | 1 | |a Lublin |b Red. Wydawn. KUL |c 2002 | |
| 300 | |a 324 S |b Kt | ||
| 336 | |a Text |b txt |2 rdacontent | ||
| 337 | |a ohne Hilfsmittel zu benutzen |b n |2 rdamedia | ||
| 338 | |a Band |b nc |2 rdacarrier | ||
| 490 | 1 | |a Żeńskie Zgromadzenia Zakonne w Polsce / Katolicki Uniwersytet Lubelski, Instytut Geografii Historycznej Kościoła w Polsce. Komitet red. Adam Chruszczewski ... |v 16 | |
| 490 | 1 | |a Studia i materiały do historii chreścijaństwa w Polsce |v 16 | |
| 500 | |a Die Vorlage enth. insgesamt 3 Werke | ||
| 505 | 8 | |a Zsfassung in franz. Sprache | |
| 689 | 0 | 0 | |d g |0 (DE-588)4046496-9 |0 (DE-627)106197762 |0 (DE-576)209069872 |2 gnd |a Polen |
| 689 | 0 | 1 | |d b |0 (DE-588)4374987-2 |0 (DE-627)184640423 |0 (DE-576)211775819 |2 gnd |a Resurrektionistinnen |
| 689 | 0 | 2 | |q z |2 gnd |a Geschichte 1939-1947 |
| 689 | 0 | |5 DE-101 | |
| 689 | 1 | 0 | |d g |0 (DE-588)4046496-9 |0 (DE-627)106197762 |0 (DE-576)209069872 |2 gnd |a Polen |
| 689 | 1 | 1 | |d b |0 (DE-588)2001462-4 |0 (DE-627)101383371 |0 (DE-576)191575755 |2 gnd |a Ursulinen |
| 689 | 1 | 2 | |q z |2 gnd |a Geschichte 1939-1945 |
| 689 | 1 | |5 DE-101 | |
| 830 | 0 | |a Żeńskie zgromadzenia zakonne w Polsce 1939-1947 |v 16 |9 16 |w (DE-627)254233104 |w (DE-576)9254233102 |w (DE-600)1461550-2 |7 am | |
| 830 | 0 | |a Studia i materiały do historii chrześcijaństwa w Polsce |v 16 |9 16 |w (DE-627)182195163 |w (DE-576)018426018 |w (DE-600)1185240-9 |7 am | |
| 935 | |a mteo | ||
| 935 | |i SLoT | ||
| 951 | |a BO | ||
| ELC | |b 1 | ||
| LOK | |0 000 xxxxxcx a22 zn 4500 | ||
| LOK | |0 001 3723001173 | ||
| LOK | |0 003 DE-627 | ||
| LOK | |0 004 374044007 | ||
| LOK | |0 005 20200710090335 | ||
| LOK | |0 008 200710||||||||||||||||ger||||||| | ||
| LOK | |0 035 |a (DE-Tue135)BVBBV017829221 | ||
| LOK | |0 040 |a DE-Tue135 |c DE-627 |d DE-Tue135 | ||
| LOK | |0 092 |o n | ||
| LOK | |0 852 |a DE-Tue135 | ||
| LOK | |0 852 1 |9 00 | ||
| LOK | |0 935 |a bsbo | ||
| LOK | |0 939 |a 10-07-20 |b l01 | ||
| ORI | |a SA-MARC-ixtheoa001.raw | ||
| REL | |a 1 | ||
| STA | 0 | 0 | |a Poles,Poland,Polish people |
| STB | 0 | 0 | |a Polonais |
| STC | 0 | 0 | |a Polacos |
| STD | 0 | 0 | |a Polacchi |
| STE | 0 | 0 | |a 波兰 |
| STF | 0 | 0 | |a 波蘭 |
| STG | 0 | 0 | |a Poloneses |
| STH | 0 | 0 | |a Поляки (народ) |
| STI | 0 | 0 | |a Πολωνοί |
| SUB | |a REL | ||
| SYG | 0 | 0 | |a Polen,Polen,Poland , Generalgouvernement Polen,Polska,Rzeczpospolita Polska,Polska Rzeczpospolita Ludowa,Poland,Pologne,République Polonaise,Generalne Gubernatorstwo w Polsce,Polish People's Republic,Polska Rzeczpospolita,PRL,RP,Polen,Polska,Besetzte Polnische Gebiete,Besetztes Gebiet in Polen,Okupowane Polskie Obszary,Obszary Okupowane w Polsce,Volksrepublik Polen,Polska Rosyjska,Republic Polen,Respublika Pol'ša,Pol'skaja Narodnaja Respublika,République de Pologne,Polen Links der Weichsel,Polska po Lewej Stronie Wisły,Lenkija,Polija,Gubernija Carstva Pol'skago,Republik Polen , Zgromadzenie Sióstr Zmartwychwstania Pańskiego,Siostry Zmartwychwstania Pana Naszego Jezusa Chrystusa,Zmartwychwstanki,Sorores a Resurrectione Domini Nostri Jesu Christi,Congregatio a Resurrectione D. N. I. Chr.,Congregazione della Risurrezione di NSGC , Polen,Polen,Poland , Generalgouvernement Polen,Polska,Rzeczpospolita Polska,Polska Rzeczpospolita Ludowa,Poland,Pologne,République Polonaise,Generalne Gubernatorstwo w Polsce,Polish People's Republic,Polska Rzeczpospolita,PRL,RP,Polen,Polska,Besetzte Polnische Gebiete,Besetztes Gebiet in Polen,Okupowane Polskie Obszary,Obszary Okupowane w Polsce,Volksrepublik Polen,Polska Rosyjska,Republic Polen,Respublika Pol'ša,Pol'skaja Narodnaja Respublika,République de Pologne,Polen Links der Weichsel,Polska po Lewej Stronie Wisły,Lenkija,Polija,Gubernija Carstva Pol'skago,Republik Polen , Ursulinenorden,Ursulinerinnen,Ursulines,Ursuline Convent,Ordo Sanctae Ursulae,OSU,Ordre de Sainte Ursule,Order of St. Ursula,Orden der Hl. Ursula,Orsoline,Gesellschaft der Heiligen Ursula,Compagnia di Sant'Orsola,Compagnie de Sainte-Ursule,Company of St. Ursula,Filles de la Doctrine Chrétienne |
| TIM | |a 100019390101_100019471231 |b Geschichte 1939-1947 | ||



